Vista normal
Vista MARC
Entrada Nombre corporativo
Número de registros utilizados en: 1
001 - NÚMERO DE CONTROL
- Campo de control: 40748
003 - IDENTIFICADOR DE NÚMERO DE CONTROL
- Campo de control: ES-MaCES
005 - FECHA Y HORA DE LA ULTIMA MODIFICACION
- Campo de control: 20230828143347.0
008 - ELEMENTOS DE DATOS DE LONGITUD FIJA
- Campo de longitud fija: 121008 | azznnaabn |n ana d
035 ## - NÚMERO DE CONTROL DEL SISTEMA
- Número de control del sistema: CES20120001023e
040 ## - FUENTE DE LA CATALOGACIÓN
- Agencia original de catalogación: ES-MaCES
- Idioma de catalogación: spa
- Agencia de transcripción: ES-MaCES
110 1# - ENCABEZAMIENTO--NOMBRE CORPORATIVO
- Nombre corporativo o de jurisdicción como elemento de entrada: España
- Título de una obra: Real Decreto-ley de medidas urgentes para la ampliación de derechos de los pensionistas, la reducción de la brecha de género y el establecimiento de un nuevo marco de sostenibilidad del sistema público de pensiones de la competitividad en materia de Seguridad Social, desempleo, dependencia y garantía salarial, 2023
670 ## - FUENTE DE DATOS ENCONTRADOS
- Fuente de citación: BOE núm. 65, de 17/03/2023
- Información encontrada: : Real Decreto-ley 2/2023, de 16 de marzo
901 ## - CES. DATOS SIRTEX
- ID Sirtex (N5N8): 0001800007651
- 005BIS Sirtex: 201210081128ALORITE

